| 000 | 00888cam a22002891a 4500 | ||
|---|---|---|---|
| 001 | 4841 | ||
| 003 | BD-RjUL | ||
| 005 | 20211208233950.0 | ||
| 008 | 131223s1965 nyu b 001 0 eng | ||
| 035 | _a(BD-RjUL)4876 | ||
| 035 | _a(OCoLC)228405 | ||
| 040 |
_aDLC _cODaWU _dOCoLC _dMoSU-L _dDLC _dBD-RjUL _beng |
||
| 041 | _aeng | ||
| 082 |
_a338.96782 _bBUT 1965 |
||
| 100 | 1 |
_aBurke, Fred G. _915267 |
|
| 245 | 1 | 0 |
_aTanganyika : _bpreplanning / _c[by] Fred G. Burke ; preface by Bertram M. Gross. |
| 260 |
_aSyracuse, N.Y. : _bSyracuse University Press, _cc1965. |
||
| 300 |
_axxix, 108 p. ; _c23 cm. |
||
| 504 | _aBibliography: p. 99-103. | ||
| 504 | _aIncludes index. | ||
| 651 | 0 |
_aTanzania _xEconomic policy. _915269 |
|
| 740 | 0 | _aTanganyika, preplanning. | |
| 942 |
_2ddc _cBK |
||
| 999 |
_c4841 _d4841 |
||